|
|
|
|
| LEADER |
00000nam a22000007a 4500 |
| 005 |
20220913020032.0 |
| 007 |
cr|||| |||| |
| 008 |
220913s2021 ea |||||s|||| 00||0 spa d |
| 020 |
|
|
|a 978-84-1122-058-3
|
| 035 |
|
|
|a 37072
|
| 040 |
|
|
|a vLex
|
| 090 |
|
|
|c 13889
|d 13889
|
| 100 |
1 |
|
|a Hobe, Stephan
|
| 245 |
1 |
0 |
|a Comentario de colonia al derecho del espacio
|h [Recurso electrn̤ico] :
|b Tratado del espacio /
|c Stephan Hobe, Bernhard Schmidt-Tedd, Kai-Uwe Schrogl, Rafael Moro Aguilar, Rada Popova
|
| 256 |
|
|
|a Servicio en ln̕ea
|
| 260 |
|
|
|a Madrid:
|b Dykinson,
|c 2021
|
| 300 |
|
|
|a 1 recurso electrn̤ico
|
| 500 |
|
|
|a El Comentario de Colonia al Derecho del Espacio es un anl̀isis en tres volm︢enes de las normas escritas del Derecho del Espacio, segn︢ aparecen enunciadas en los Tratados y en las Resoluciones de la Asamblea General de Naciones Unidas. El Volumen I se ocupa del Tratado sobre los Principios que Deben Regir las Actividades de los Estados en la Exploracin̤ y Utilizacin̤ del Espacio Ultraterrestre, incluso la Luna y otros cuerpos celestes, tambiň conocido comn︢mente como el ‘Tratado del Espacio’. En este Volumen, un grupo de veinte expertos, autoridades internacionales en la materia, aborda el contexto histr̤ico y proporciona una interpretacin̤, artc̕ulo por artc̕ulo, del Tratado del Espacio. La obra incluye as ̕mismo informacin̤ acerca de la prc̀tica posterior de los Estados, la aplicabilidad en el momento presente, y las perspectivas futuras de este Tratado. Los otros cuatro Tratados de la ONU en materia espacial: el Acuerdo de Salvamento de 1968, el Convenio sobre Responsabilidad de 1972, el Convenio sobre Registro de 1975, y el Acuerdo sobre la Luna de 1979, se abordan en el Volumen II del Comentario, publicado en 2013. El Volumen III (publicado en 2015) se centra en analizar las ocho Resoluciones y Declaraciones de Principios adoptadas por la Asamblea General de Naciones Unidas relativas a las actividades espaciales. Con ocasin̤ del 55ð aniversario de la elaboracin̤ del Tratado del Espacio, se ha traducido al espaǫl el presente Volumen I del Comentario de Colonia al Derecho del Espacio.
|
| 506 |
1 |
|
|a Disponible solo en los productos indicados
|d vLex Global
|d vLex Global (Academic Edition, excluding Law Schools)
|d vLex Global (U.S. Academic Edition, Law Schools)
|d vLex Global (U.S. Academic Edition, excluding Law Schools)
|d vLex Global (Academic Edition, Law Schools)
|
| 650 |
0 |
4 |
|a Derecho Internacional
|z Espaą
|
| 700 |
1 |
|
|a Schmidt-Tedd, Bernhard
|
| 700 |
1 |
|
|a Schrogl, Kai-Uwe
|
| 700 |
1 |
|
|a Moro Aguilar, Rafael
|
| 700 |
1 |
|
|a Popova, Rada
|
| 740 |
0 |
|
|a vLex Libros (Servicio en ln̕ea)
|
| 856 |
4 |
0 |
|u https://app.vlex.com/#/sources/37072
|z Acceso restringido
|
| 942 |
|
|
|c BOOK
|
| 999 |
0 |
|
|a International right
|